000 00501nam a2200181Ia 4500
008 090124s9999 xx 000 0 und d
082 _b123841
100 _aरांगणेकर कुमुदिनी
245 _a नकळत
250 _a1
260 _c1990
300 _a187
600 _aरांगणेकर कुमुदिनी
630 _a नकळत
700 _aरांगणेकर कुमुदिनी
730 _a नकळत
942 _cBOOK
999 _c169928
_d169928